Microwave Engineering (Record no. 215896)

MARC details
000 -LEADER
fixed length control field 00498nam a2200205Ia 4500
008 - FIXED-LENGTH DATA ELEMENTS--GENERAL INFORMATION
fixed length control field 240823s9999||||xx |||||||||||||| ||und||
020 ## - INTERNATIONAL STANDARD BOOK NUMBER
International Standard Book Number 978-0-07-066738-9
082 ## - DEWEY DECIMAL CLASSIFICATION NUMBER
-- 621.3813 Q2
100 ## - MAIN ENTRY--PERSONAL NAME
Personal name Annapurna Das
245 #0 - TITLE STATEMENT
Title Microwave Engineering
250 ## - EDITION STATEMENT
Edition statement 2nd
260 ## - PUBLICATION, DISTRIBUTION, ETC. (IMPRINT)
Date of publication, distribution, etc 2012
Name of publisher, distributor, etc McGraw - Hill Higher Educ
Place of publication, distribution, etc New York
500 ## - GENERAL NOTE
General note YES
650 ## - SUBJECT ADDED ENTRY--TOPICAL TERM
Topical term or geographic name as entry element Microwave
700 ## - ADDED ENTRY--PERSONAL NAME
Personal name Sisir K Das
942 ## - ADDED ENTRY ELEMENTS (KOHA)
Item type Books
Holdings
Withdrawn status Lost status Damaged status Permanent location Current location Date acquired Source of acquisition Cost, normal purchase price Full call number Barcode Date last seen Koha item type
      CENTRAL LIBRARY, NOORUL ISLAM CENTRE FOR HIGHER EDUCATION CENTRAL LIBRARY, NOORUL ISLAM CENTRE FOR HIGHER EDUCATION 04/16/2013 Tamil Nadu Book House 350.00 621.3813 Q2 65568 08/23/2024 Books
Visitors:
Copyright © 2024 Central Library NICHE.  All rights reserved.